ARRUPE JESUIT UNIVERSITY

CORONAVIRUS -STOP THE SPREAD - CLEAN,DISINFECT,COVER

The scientist's role in society; (Record no. 118228)

MARC details
000 -LEADER
fixed length control field 00814cam a2200265 4500
001 - CONTROL NUMBER
control field 1306585
003 - CONTROL NUMBER IDENTIFIER
control field ARRUPE
005 - DATE AND TIME OF LATEST TRANSACTION
control field 20131002112933.0
008 - FIXED-LENGTH DATA ELEMENTS--GENERAL INFORMATION
fixed length control field 710630s1971 njua b 001 0 eng
010 ## - LIBRARY OF CONGRESS CONTROL NUMBER
LC control number 77138464
020 ## - INTERNATIONAL STANDARD BOOK NUMBER
International Standard Book Number 0137965575
040 ## - CATALOGING SOURCE
Original cataloging agency DLC
Transcribing agency DLC
Modifying agency DLC
050 00 - LIBRARY OF CONGRESS CALL NUMBER
Classification number Q147
Item number .B45 1971
300 ## - PHYSICAL DESCRIPTION
Other physical details illus.
Dimensions 24 cm.
100 2# - MAIN ENTRY--PERSONAL NAME
Personal name Ben-David, Joseph.
9 (RLIN) 2021
245 14 - TITLE STATEMENT
Title The scientist's role in society;
Remainder of title a comparative study.
260 ## - PUBLICATION, DISTRIBUTION, ETC. (IMPRINT)
Place of publication, distribution, etc Englewood Cliffs, N.J.,
Name of publisher, distributor, etc Prentice-Hall
Date of publication, distribution, etc [1971]
300 ## - PHYSICAL DESCRIPTION
Extent xi, 207 p.
350 ## - PRICE (NR) (BK AM CF MU VM SE) [OBSOLETE]
Price $6.95
490 0# - SERIES STATEMENT
Series statement Foundations of modern sociology series
504 ## - BIBLIOGRAPHY, ETC. NOTE
Bibliography, etc Includes bibliographical references.
650 #0 - SUBJECT ADDED ENTRY--TOPICAL TERM
Topical term or geographic name as entry element Scientists.
9 (RLIN) 2022
650 #0 - SUBJECT ADDED ENTRY--TOPICAL TERM
Topical term or geographic name as entry element Science and civilization.
9 (RLIN) 2023
906 ## - LOCAL DATA ELEMENT F, LDF (RLIN)
a 7
b cbc
c orignew
d 2
e ncip
f 19
g y-gencatlg
942 ## - ADDED ENTRY ELEMENTS (KOHA)
Source of classification or shelving scheme Library of Congress Classification
Koha item type Monograph ( Printed materials)
Holdings
Withdrawn status Lost status Source of classification or shelving scheme Damaged status Not for loan Home library Current library Shelving location Date acquired Total Checkouts Full call number Barcode Date last seen Price effective from Koha item type
    Library of Congress Classification     ARRUPE LIBRARY ARRUPE LIBRARY Main Collection 02/10/2013   Q147 .B45 1971 46410694 03/07/2019 02/10/2013 Monograph ( Printed materials)

 

Arrupe Library. PO Box MP320 Mt Pleasant, Harare, Zimbabwe
263 242 745411|librarian@aju.ac.zw